[Event "Mont de Marsan op 6th"]
[Site "Mont de Marsan"]
[Date "2006.12.28"]
[Round "5"]
[White "Cornet, Michel"]
[Black "Lamue, Olivier"]
[Result "1-0"]
[WhiteElo "1500"]
[BlackElo "1750"]
[PlyCount "96"]
[EventDate "2006.12.26"]
[EventType "swiss"]
[EventRounds "9"]
[EventCountry "FRA"]
[SourceTitle "CBM 116 Extra"]
[Source "ChessBase"]
[SourceDate "2007.03.07"]
[SourceVersion "1"]
[SourceVersionDate "2007.03.07"]
[SourceQuality "1"]

1. e4 c6 2. Nf3 d5 3. exd5 cxd5 4. d4 Bf5 5. Bb5+ Nd7 6. 0-0 Ngf6 7. Nbd2 e6 8. Re1 Bd6 9. Nf1 0-0 10. Ne5 Qc7 11. Nxd7 Nxd7 12. c3 Nf6 13. Bd3 Bg6 14. Bg5 Ne4 15. Bh4 Bf4 16. Bxe4 Bxe4 17. Bg3 Bxg3 18. Nxg3 Bg6 19. Qd2 Qe7 20. Re2 h5 21. Rae1 h4 22. Nf1 Qf6 23. Re5 Bf5 24. Ne3 Qh6 25. Qe2 h3 26. Nxf5 exf5 27. Qf3 hxg2 28. Qxf5 g6 29. Qc2 Kg7 30. f3 Rh8 31. Qxg2 Qf4 32. Qg3 Qd2 33. Qg2 Qh6 34. R5e2 Rad8 35. Qg3 Rc8 36. Qe5+ Kh7 37. Qf6 Rc6 38. Qxf7+ Qg7 39. Qxg7+ Kxg7 40. Re7+ Kf6 41. Rxb7 a6 42. Re5 g5 43. Rxd5 Re6 44. Re5 Rxe5 45. dxe5+ Kxe5 46. Rb6 Rd8 47. Kg2 Rd2+ 48. Kg3 Rxb2 1-0

[Event "Mont de Marsan op 6th"]
[Site "Mont de Marsan"]
[Date "2006.12.26"]
[Round "1"]
[White "Lamue, Olivier"]
[Black "Escanye, Romain"]
[Result "0-1"]
[WhiteElo "1750"]
[BlackElo "1862"]
[PlyCount "78"]
[EventDate "2006.12.26"]
[EventType "swiss"]
[EventRounds "9"]
[EventCountry "FRA"]
[SourceTitle "CBM 116 Extra"]
[Source "ChessBase"]
[SourceDate "2007.03.07"]
[SourceVersion "1"]
[SourceVersionDate "2007.03.07"]
[SourceQuality "1"]

1. e4 e6 2. d4 d5 3. e5 c5 4. Nf3 Nc6 5. Bb5 Bd7 6. Nc3 Qb6 7. Bxc6 Bxc6 8. 0-0 Nh6 9. Bxh6 gxh6 10. Rb1 Bg7 11. Ne2 Bb5 12. Re1 Bxe2 13. Rxe2 Rc8 14. c3 0-0 15. h3 Rc7 16. Nh2 cxd4 17. cxd4 Rc4 18. Rd2 f6 19. b3 Rc3 20. exf6 Bxf6 21. Ng4 Bg5 22. Rd3 Rfc8 23. Rxc3 Rxc3 24. h4 Bf4 25. Nf6+ Kf7 26. Nh5 Qc7 27. g3 Rc1 28. Rxc1 Qxc1 29. Qxc1 Bxc1 30. Nf4 Bxf4 31. gxf4 Kf6 32. Kg2 Kf5 33. Kf3 h5 34. b4 b5 35. a3 a6 36. Ke3 Kg4 37. f3+ Kg3 38. Ke2 Kxh4 39. Kf2 Kh3 0-1

[Event "Rochefort op 5th"]
[Site "Rochefort"]
[Date "2006.02.15"]
[Round "5"]
[White "Demuth, Adrien"]
[Black "Lamue, Olivier"]
[Result "1-0"]
[WhiteElo "2053"]
[BlackElo "1630"]
[PlyCount "51"]
[EventDate "2006.02.15"]
[EventType "swiss"]
[EventRounds "9"]
[EventCountry "FRA"]
[SourceTitle "EXT 2007"]
[Source "ChessBase"]
[SourceDate "2006.11.23"]
[SourceVersion "1"]
[SourceVersionDate "2006.11.23"]
[SourceQuality "1"]

1. d4 Nf6 2. c4 e5 3. dxe5 Ng4 4. Bf4 Nc6 5. Nf3 Bc5 6. e3 Qe7 7. Nc3 Ngxe5 8. Be2 d6 9. 0-0 Be6 10. Nd5 Nxf3+ 11. Bxf3 Qd7 12. a3 a6 13. b4 Ba7 14. Qb3 0-0 15. Rfd1 Bxd5 16. Bxd5 Rab8 17. Rac1 b6 18. Qa4 Ne5 19. Qxa6 c6 20. Bxe5 cxd5 21. Rxd5 Rfe8 22. Bxd6 Ra8 23. Qb5 Qg4 24. Bf4 Qe2 25. Rd7 Rad8 26. Qd5 1-0